Introducción a la contabilidad administrativa (Registro nro. 10028)

Detalles MARC
000 -Cabecera
Campo de control de longitud fija 00689nam a22002777a 4500
005 - Fecha y hora de la última transacción
Campo de control 20240927172819.0
008 - Elementos de longitud fija--Información general
Campo de control de longitud fija 171206b2001 xxu||||| |||| 00| 0 spa d
041 ## - Idioma
Código de idioma Español
082 ## - Clasificación Decimal Dewey
Número de clasificación 658.151.1 H816i11
100 ## - Entrada principal--Autor personal
Nombre personal Horngren, Charles
245 ## - Título propiamente dicho
Título Introducción a la contabilidad administrativa
250 ## - Edición
Mención de edición 11 edición
260 ## - Pie de imprenta
Lugar de publicación, distribución, etc. México
260 ## - Pie de imprenta
Nombre del editor, distribuidor, etc. Pearson Educación
260 ## - Pie de imprenta
Fecha de publicación, distribución, etc. 2001
300 ## - Descripción física
Extensión 609 páginas
650 ## - Materia general
Temática (materia general) CONTABILIDAD ADMINISTRATIVA
650 ## - Materia general
Temática (materia general) PLANEACIÓN
650 ## - Materia general
Temática (materia general) PRESUPUESTO DE CAPITAL
650 ## - Materia general
Temática (materia general) PRODUCCIÓN
650 ## - Materia general
Temática (materia general) NFLACIÓN
650 ## - Materia general
Temática (materia general) TOMA DE DECISIONES
942 ## - Punto de acceso adicional KOHA
Tipo de ítem KOHA Libro
Fuente del sistema de clasificación o colocación Dewey Decimal Classification
Existencias
Signatura completa Código de barras Programa Académico Tipo de ítem
658.151.1 H816i11 7262   Libro
658.151.1 H816i11 7188   Libro
658.151.1 H816i11 7263   Libro